01233 a2200157 4500003000500000005001700005040000900022082001400031245009200045300001000137505071600147650004500863942002300908999001900931952012500950Nust20230208095904.0 cNust a954.1,REP aReoprt of the Constitution Commission Pakistan / cConstitution Commission Of Pakistan a177:p aIntroductory (Page-1), Causes of the Failure the Parliamentary From of Government (Page-5), From of Government Parliamentary or Presidential (Page-19), From of Government – Unitary or Federal (Page-32), Legislature – Unicameral or Bicameral (Page-45), Chocks and Balances (Page-52), The Electorate (Page-64), Provision Regarding the President and the Vice –President (Page-82), The Judiciary (Page-87), Fundamental Rights and Directive Principles (Page-101), Services (Page-106), Preamble and Islamic Provisions (Page-114), The Amendment of the Constitution (Page-127), Indemnity Provision (Page-129), Miscellaneous (Page-131), Temporary and Transitional Provision (Page-134), Conclusion (Page-138).  aConstitution Commission Pakistan9108720 2ddccBKk954.1,REP c187469d187469 00102ddc4070aMCSbMCScGENd2016-12-12o954.1,REPpMCS29470r2016-12-08w2016-12-12yBKzAlmirah No. 61, Shelf No. 5